Statistics for Största städerna på H i Asien, enligt bild

Click here to take the quiz!

General Stats

  • This quiz has been taken 2 times
  • The average score is 11 of 20

Answer Stats

Answer% Correct
Hà Nội (Hanoi)
100%
Harbin
100%
Hồ Chí Minh-staden (Saigon)
100%
Hải Phòng
100%
Hiroshima
100%
Hyderābād
100%
Hyderābād
100%
Hǎikǒu
50%
Hángzhōu
50%
Héngyáng
50%
Hohhot
50%
{Hubballi}-Dhārwād
50%
Huìzhōu
50%
Húzhōu
50%
Hándān
0%
Héféi
0%
Héngshuǐ
0%
Hézé
0%
Huáiān
0%
Huáinán
0%

Score Distribution

Percentile by Number Answered

Percent of People with Each Score

Your Score History

You have not taken this quiz